000 00420nam a2200157Ia 4500
008 221030s9999 xx 000 0 und d
020 _a9789354247866
041 _aEnglish
100 _aM. T. Goodrich
245 0 _aData Structures & Algorithms in Python
_cby M. T. Goodrich, R. Tamassia
260 _bWiley India
_aNew Delhi
_c2021
300 _a782
650 _aBE Computer
700 _aR. Tamassia
942 _cBK
999 _c18689
_d18689